Statistieken voor Nederlandse etenswaren naar plaats

Klik hier om de quiz te nemen!

Algemene statistieken

  • Deze quiz is 29 keer genomen
  • De gemiddelde score is 10 van 19

Antwoordstatistieken

EtenPlaats% Correct
VlaaiLimburg
88%
Arn...se meisjesArnhem
80%
B..sche bolDen Bosch
72%
Fr.s.e DumkesFriesland
72%
EierbalGroningen
72%
CrompouceUtrecht
72%
ZuurvleesLimburg
68%
WorstenbroodjeNoord-Brabant
68%
BolusZeeland
68%
PoffertGroningen
64%
KapsalonRotterdam
64%
SuikerbroodFriesland
60%
HopjesDen Haag
52%
StroopwafelsGouda
52%
RookworstGelderland
24%
KrentenweggeTwente
16%
Baklever(worst)Twente
16%
FrikandelDordrecht
12%
JoppiesausGlanerbrug
4%

Scoreverdeling

Percentiel versus Aantal Correcte Antwoorden

Procent van Mensen met Elke Score

Uw Scoregeschiedenis

U heeft deze quiz nog niet genomen